| 000 | 00641nam a2200217 a 4500 | ||
|---|---|---|---|
| 005 | 20210223124333.0 | ||
| 008 | 010910s1992 r 000 0 eng d | ||
| 020 | _a950518526X | ||
| 035 | _aUPN01000111102 | ||
| 049 | _aCG | ||
| 050 | 4 |
_aRA1211 _bM3.4 |
|
| 100 | 1 |
_aMaldavsky, David _929102 |
|
| 245 | 1 | 0 |
_aTeoría y clínica de los procesos tóxicos : _badicciones, afecciones psicosomáticas, epilepsias / _cDavid Maldavsky |
| 260 |
_aBuenos Aires : _bAmorrortu, _c1992 |
||
| 300 | _a490 p. | ||
| 440 | 0 | _aBiblioteca de psicología y psicoanálisis | |
| 650 | 4 | _aTOXICOLOGIA | |
| 901 | _a183821 | ||
| 902 | _aMITM | ||
| 905 | _aLibro | ||
| 999 |
_c85011 _d85011 |
||